000 00503nam a22001937a 4500
003 MPLRDC
005 20220104183922.0
008 210129b ||||| |||| 00| 0 eng d
020 _a986-7642-87-2
082 _a413.98 HJR
100 _a黄建荣、王莉眉、郭子仪
245 _a保健肠胃的美食
_c
250 _a初版
260 _a台湾
_b二鱼文化事业有限公司
_c2005
300 _b
490 _a健康厨房: 033
650 _a食物治疗
942 _cBK
_o413.98 HJR
999 _c62628
_d62618